Normal view
MARC view
Entry Término temático
001 - NÚMERO DE CONTROL
- campo de control: 174312
003 - IDENTIFICADOR DEL NÚMERO DE CONTROL
- campo de control: OSt
005 - FECHA Y HORA DE LA ÚLTIMA TRANSACCIÓN
- campo de control: 20220127161312.0
008 - DATOS DE LONGITUD FIJA
- campo de control de longitud fija: 220127|| aca||aabn | a|a d
040 ## - FUENTE DE LA CATALOGACIÓN
- Centro catalogador/agencia de origen: OSt
- Centro/agencia transcriptor: OSt
150 ## - ENCABEZAMIENTO--TÉRMINO DE MATERIA
- Término de materia o nombre geográfico como elemento de entrada: Rizoglyphus robustus
670 ## - FUENTE DE DATOS ENCONTRADOS
- Cita de la fuente: Work cat.: (OSt)207837: Ciprián Niño, Fredy 7, Interacción entre el ácaro (Rizoglyphus robustus Nesbitt) y los hongos (Fusarium solani y F. oxysporum) asociados a los bulbos del coquillo (Cyperus esculentus L.), en Chapingo, México /
